|
|
|
|
| LEADER |
01193nam a22003132a 4500 |
| 001 |
001280314 |
| 003 |
CZ BrMZK |
| 005 |
20130220135143.0 |
| 007 |
ta |
| 008 |
130220s1973 xr er|||||||||||cze d |
| 015 |
|
|
|a cnb000455410
|
| 035 |
|
|
|a (OCoLC)42088224
|
| 040 |
|
|
|a ABA001
|b cze
|c OSA001
|d ABA001
|d BOA001
|
| 041 |
1 |
|
|a cze
|h slo
|
| 080 |
9 |
|
|a 616.083-053.2(075.3)
|
| 100 |
1 |
|
|a Galanda, Vladimír,
|d 1914-1994
|7 jk01032279
|4 aut
|
| 245 |
1 |
0 |
|a Pediatrie pro ošetřovatelky :
|b učebnice pro zdravotnické odborné školy, studijní obor ošetřovatelek /
|c Vladimír Galanda
|
| 250 |
|
|
|a 1. čes. vyd.
|
| 260 |
|
|
|a Praha :
|b Avicenum,
|c 1973
|
| 300 |
|
|
|a 112 s., [2] barev. fot. příl. :
|b il. ;
|c 8°
|
| 500 |
|
|
|a Přeloženo ze slovenštiny
|
| 500 |
|
|
|a 3000 výt.
|
| 500 |
|
|
|a Obsahuje rejstřík
|
| 500 |
|
|
|a Dostupné též v digitální podobě v aplikaci Kramerius
|
| 856 |
4 |
1 |
|u http://www.digitalniknihovna.cz/mzk/uuid/uuid:e782fc60-6d29-11eb-9d4f-005056827e52
|y Digitalizovaný dokument
|x NDK
|
| 910 |
|
|
|a BOA001
|b 2-0699.452
|
| 990 |
|
|
|a BK
|
| 991 |
|
|
|b 201302
|
| 996 |
7 |
|
|b 2619667991
|c 2-0699.452
|l Sklad H1
|r Sklad / do 24 hodin
|n 0
|h HS212
|w 001314647
|u 000010
|a 1
|e BOA001
|j MZK50
|s A
|